000 00870cam a2200241 4500
001 ABS62830
008 000000n2000 000 0 eng u
035 _a(Sirsi) u108512
100 _aMarsh, C.
245 _aSustainable construction
260 _c2000
490 _aBuilding Services Journal
_vSeptember 2000, 48-49(2)
520 _aConsiders the implications for the building services industry of the introduction of a legal requirement to adopt sustainable techniques in construction and product manufacture.
590 _aABS
650 _aWASTE ELECTRICAL AND ELECTRONIC EQUIPMENT REGULATIONS
650 _aEC DIRECTIVE
650 _aWASTE MANAGEMENT
650 _aBlock management
_96220
650 _aSustainability
_96271
650 _aBUILT ENVIRONMENT-BUILDING MATERIALS
690 _aBUILT ENVIRONMENT-SUSTAINABLE CONSTRUCTION
942 _n0
999 _c64794
_d64794